| 000 | 00596nam a2200241Ia 4500 | ||
|---|---|---|---|
| 001 | 12544 | ||
| 003 | GE_BSU | ||
| 008 | 181216s||||||||xx |||||||||||||| ||und|| | ||
| 020 | _a9782011557988 | ||
| 040 | _cGE_BSU | ||
| 080 | _a811.133.1 | ||
| 100 | _aBerther, Anne. Louvel,Cedric | ||
| 245 | _aAlter Ego. 5 Methode de Frangais. C1.C2 | ||
| 245 | _bCahier de Perfectionnement | ||
| 260 | _aParis | ||
| 260 | _bHachette | ||
| 260 | _c2010 | ||
| 300 | _a127p.29cm. | ||
| 541 | _h51Gel. | ||
| 653 | _aAlter Ego. Methode de Frangais | ||
| 653 | _aგრამატიკა | ||
| 942 | _cBK | ||
| 999 |
_c45717 _d45717 |
||